[Event "European Youth Chess Championship G10"]
[Site "Prague, Top Hotel Prague"]
[Date "2016.08.22"]
[Round "5.18"]
[White "Ivanova, Dilyana"]
[Black "Li, Darina"]
[Result "1-0"]
[WhiteElo "1382"]
[BlackElo "1182"]
[PlyCount "123"]
[EventDate "2016.08.18"]

1. e4 e5 2. Nf3 Nf6 3. Nxe5 d6 4. Nf3 Nxe4 5. d4 d5 6. Bd3 Nf6 7. O-O Be7 8.
Re1 O-O 9. Nc3 Bg4 10. h3 Bh5 11. Be3 c6 12. a3 Re8 13. Bf4 Kh8 14. Ne5 Kg8 15.
Qd2 Bg6 16. Nxg6 hxg6 17. Re2 Qb6 18. Rae1 Kf8 19. Rxe7 Rxe7 20. Bd6 Ng8 21.
Bxe7+ Nxe7 22. Qe3 Qd8 23. Qf4 Nd7 24. Qh4 Nf6 25. Qh8+ Neg8 26. Qh4 Qd7 27.
Qg3 Re8 28. Rxe8+ Nxe8 29. Be2 Qe7 30. Qe3 Qxe3 31. fxe3 Ngf6 32. Kf2 Nd6 33.
Bd3 Nde4+ 34. Nxe4 Nxe4+ 35. Bxe4 dxe4 36. Kg3 f5 37. Kf4 Ke7 38. Ke5 Kd7 39.
g4 fxg4 40. hxg4 Ke7 41. g5 Kd7 42. c4 Ke7 43. d5 cxd5 44. cxd5 Kd7 45. Kxe4
Kd6 46. Kd4 b6 47. b4 a5 48. bxa5 bxa5 49. a4 Kd7 50. Kc5 Ke7 51. Kc6 Kd8 52.
e4 Ke7 53. Kc7 Kf7 54. d6 Ke6 55. d7 Ke5 56. d8=Q Kxe4 57. Qd2 Kf5 58. Qc3 Kxg5
59. Kd6 Kh5 60. Ke5 Kh4 61. Kf4 Kh5 62. Qh3# 1-0

[Event "European Youth Chess Championship G10"]
[Site "Prague, Top Hotel Prague"]
[Date "2016.08.22"]
[Round "5.19"]
[White "Bialek, Alicja"]
[Black "Jovanovic, Anja"]
[Result "1-0"]
[WhiteElo "1182"]
[BlackElo "1372"]
[PlyCount "75"]
[EventDate "2016.08.18"]

1. e4 e5 2. Nf3 Nc6 3. Nc3 Nf6 4. Bb5 Bd6 5. d4 exd4 6. Nxd4 Bb4 7. O-O O-O 8.
Nde2 Re8 9. Bg5 h6 10. Bxf6 Qxf6 11. Nd5 Qd6 12. a3 Bc5 13. b4 Bb6 14. c4 Rxe4
15. c5 Bxc5 16. bxc5 Qxc5 17. Nxc7 Rb8 18. Bxc6 dxc6 19. Qb3 Rxe2 20. Na6 Qd6
21. Rad1 Qe7 22. Nxb8 Qc7 23. h3 Re8 24. Nxc6 Qxc6 25. Rc1 Qd6 26. Qa4 b5 27.
Qxb5 Rd8 28. Rfe1 Ba6 29. Re8+ Rxe8 30. Qxe8+ Kh7 31. Qxf7 Qxa3 32. Rc7 Qa1+
33. Kh2 Qe5+ 34. g3 Bf1 35. Rxa7 Qd4 36. Qf5+ Kh8 37. Ra8+ Qd8 38. Rxd8# 1-0

[Event "European Youth Chess Championship G10"]
[Site "Prague, Top Hotel Prague"]
[Date "2016.08.22"]
[Round "5.20"]
[White "Poliato, Irina"]
[Black "Lomakina, Anzhelika"]
[Result "1-0"]
[WhiteElo "1280"]
[BlackElo "1654"]
[PlyCount "133"]
[EventDate "2016.08.18"]

1. d4 Nf6 2. c4 e6 3. Nc3 Bb4 4. Bd2 O-O 5. Rc1 d6 6. Nf3 b6 7. e3 Bb7 8. Be2
c5 9. O-O Nc6 10. a3 Bxc3 11. Bxc3 Ne4 12. Bd3 Nxc3 13. Rxc3 Qf6 14. d5 exd5
15. cxd5 Ne7 16. e4 Ng6 17. Qd2 Bc8 18. h3 Nf4 19. Ne1 Qg5 20. Kh2 f6 21. Qe3
h6 22. Qg3 Qxg3+ 23. Kxg3 Ng6 24. f4 Nh8 25. Nf3 Nf7 26. b4 Rb8 27. Re1 Re8 28.
Bb5 Re7 29. Rce3 Bb7 30. Nh4 a6 31. Bc4 b5 32. Bd3 c4 33. Bc2 Rbe8 34. Ng6 Rc7
35. h4 Nh8 36. e5 dxe5 37. fxe5 fxe5 38. Nxh8 Kxh8 39. Bg6 Rd8 40. Rxe5 Rcc8
41. d6 Bc6 42. Re6 Bd7 43. Re7 c3 44. Kf4 Bc6 45. Rc7 Rxc7 46. dxc7 Rc8 47. Re7
Bxg2 48. Bf5 c2 49. Bxc2 Rf8+ 50. Ke5 Bh3 51. Bg6 Bc8 52. Re8 Kg8 53. Rxf8+
Kxf8 54. Bf5 Bb7 55. c8=Q+ Bxc8 56. Bxc8 g5 57. hxg5 hxg5 58. Bxa6 Ke8 59.
Bxb5+ Kd8 60. Bc6 Kc7 61. Bg2 g4 62. a4 Kb6 63. a5+ Ka7 64. b5 g3 65. b6+ Kb8
66. a6 Kc8 67. a7 1-0

[Event "European Youth Chess Championship G10"]
[Site "Prague, Top Hotel Prague"]
[Date "2016.08.22"]
[Round "5.21"]
[White "Starosta, Martyna"]
[Black "Dubovik, Maria"]
[Result "1-0"]
[WhiteElo "1624"]
[BlackElo "1274"]
[PlyCount "115"]
[EventDate "2016.08.18"]

1. e4 c5 2. Nf3 d6 3. d4 cxd4 4. Nxd4 Nf6 5. Nc3 a6 6. Bg5 Nbd7 7. Bc4 e6 8. f4
Be7 9. Bxe6 O-O 10. Bb3 h6 11. Bxf6 Nxf6 12. Qd2 Re8 13. O-O-O Bg4 14. Rde1 Nh5
15. Kb1 Bf6 16. h3 Bh4 17. hxg4 Bxe1 18. Rxe1 Ng3 19. Nf5 Nxf5 20. gxf5 Qh4 21.
Rg1 Qh2 22. Rd1 Rad8 23. Bd5 Re7 24. e5 Kh8 25. f6 gxf6 26. exf6 Rc7 27. g4
Qxd2 28. Rxd2 Re8 29. Rd1 Rg8 30. g5 Rg6 31. Rh1 b5 32. Be4 Rc4 33. Bxg6 fxg6
34. Rxh6+ Kg8 35. Rxg6+ Kf7 36. Rg7+ Kf8 37. Rd7 Rxf4 38. Rxd6 Rf5 39. g6 Ke8
40. g7 Rg5 41. a3 Kf7 42. Rd8 Rxg7 43. fxg7 Kxg7 44. Rd7+ Kf6 45. Rd6+ Ke5 46.
Rxa6 b4 47. Rb6 bxc3 48. bxc3 Kd5 49. a4 Kc5 50. Rb3 Kc6 51. a5 Kc5 52. a6 Kc6
53. a7 Kd6 54. a8=Q Ke5 55. Qa4 Kd6 56. Qa5 Ke6 57. Rb6+ Kd7 58. Qa7+ 1-0

[Event "European Youth Chess Championship G10"]
[Site "Prague, Top Hotel Prague"]
[Date "2016.08.22"]
[Round "5.22"]
[White "Karacsonyi, Kata"]
[Black "Kuczynska, Katarzyna"]
[Result "1-0"]
[WhiteElo "1544"]
[BlackElo "1266"]
[PlyCount "157"]
[EventDate "2016.08.18"]

1. e4 c5 2. Nf3 Nc6 3. Bb5 a6 4. Bxc6 bxc6 5. d3 Nf6 6. Nbd2 e6 7. O-O Be7 8.
b3 O-O 9. Ne5 Qc7 10. Bb2 d5 11. Qf3 d4 12. Ndc4 Bd6 13. Nxd6 Qxd6 14. Nc4 Qc7
15. e5 Nd5 16. a3 f6 17. Qg3 a5 18. Bc1 Kh8 19. Re1 a4 20. Nd6 fxe5 21. Qxe5
Kg8 22. Re4 Ra7 23. bxa4 Nc3 24. Re1 Ra5 25. Bd2 c4 26. Qg3 cxd3 27. Bxc3 dxc3
28. cxd3 Rd5 29. Nxc8 Qxc8 30. Qe3 e5 31. Rac1 Qf5 32. Rxc3 c5 33. Qe2 Kh8 34.
a5 c4 35. dxc4 Rxa5 36. Rf3 Qc8 37. Rxf8+ Qxf8 38. Qb2 h6 39. Qb4 Qd8 40. Rb1
Kh7 41. h3 Qa8 42. Rb3 Ra4 43. Qc5 Qd8 44. Qd5 Qg5 45. Qd3+ Qg6 46. Qxg6+ Kxg6
47. Rc3 Kf6 48. c5 Ke7 49. c6 Kd8 50. c7+ Kc8 51. Kf1 Ra7 52. Ke2 Rxc7 53.
Rxc7+ Kxc7 54. Ke3 g6 55. Ke4 Kd6 56. h4 Ke6 57. a4 Kd6 58. a5 h5 59. g3 Kc6
60. Kxe5 Kb5 61. Kf6 Kxa5 62. Kxg6 Kb5 63. f4 Kc6 64. f5 Kd7 65. f6 Ke8 66. Kg7
Kd7 67. f7 Kc6 68. f8=Q Kd5 69. Qe7 Kd4 70. Qe6 Kc5 71. Qd7 Kc4 72. Qd6 Kb5 73.
Qc7 Ka6 74. Qb8 Ka5 75. Kf6 Ka4 76. Ke5 Ka5 77. Kd5 Ka6 78. Kc5 Ka5 79. Qb5#
1-0

[Event "European Youth Chess Championship G10"]
[Site "Prague, Top Hotel Prague"]
[Date "2016.08.22"]
[Round "5.23"]
[White "Katter, Marlene"]
[Black "Melenchuk, Olga"]
[Result "1/2-1/2"]
[WhiteElo "1235"]
[BlackElo "1507"]
[PlyCount "113"]
[EventDate "2016.08.18"]

1. e4 e5 2. Nf3 Nc6 3. d4 exd4 4. Nxd4 Nf6 5. Nxc6 bxc6 6. e5 Qe7 7. Qe2 Nd5 8.
c4 Nb6 9. Nc3 Qe6 10. b3 Bb4 11. Bd2 O-O 12. Qe3 Re8 13. a3 Bf8 14. a4 a5 15.
Be2 Ra7 16. O-O Qxe5 17. Qxe5 Rxe5 18. Bg4 Bb4 19. Rfe1 d6 20. Bxc8 Nxc8 21.
Rxe5 dxe5 22. Re1 f6 23. f4 Bd6 24. fxe5 Bxe5 25. Rb1 Nd6 26. g3 Rb7 27. Kf1
Bxc3 28. Bxc3 Nxc4 29. b4 axb4 30. Rxb4 Rxb4 31. Bxb4 Nb6 32. a5 Na8 33. Ke2
Kf7 34. Kd3 c5 35. Bxc5 c6 36. Bb6 Ke7 37. Bd4 Nc7 38. Bb6 Na6 39. g4 g6 40.
Kc4 Ke6 41. h4 f5 42. gxf5+ Kxf5 43. Be3 Ke5 44. Bh6 Kd6 45. Bf8+ Kc7 46. Bh6
Kb7 47. Bd2 Nc7 48. Kc5 Ne6+ 49. Kd6 Nd4 50. Be1 Ka6 51. Kc5 Nf3 52. Bg3 Kxa5
53. Kxc6 Nd4+ 54. Kc5 Nf5 55. Bf2 Ka4 56. Kd5 Kb5 57. Ke6 1/2-1/2

[Event "European Youth Chess Championship G10"]
[Site "Prague, Top Hotel Prague"]
[Date "2016.08.22"]
[Round "5.24"]
[White "Butenandt, Svenja"]
[Black "Cassanelli, Emma"]
[Result "1-0"]
[WhiteElo "1501"]
[BlackElo "1273"]
[PlyCount "77"]
[EventDate "2016.08.18"]

1. e4 e5 2. Nf3 Nc6 3. Nc3 Bc5 4. Nxe5 Nxe5 5. d4 Bd6 6. dxe5 Bxe5 7. f4 Bxc3+
8. bxc3 d6 9. g3 Nf6 10. Bg2 Qe7 11. O-O Bg4 12. Bf3 Bxf3 13. Qxf3 O-O-O 14.
Re1 d5 15. e5 Ne4 16. Kg2 h6 17. c4 f5 18. exf6 Qxf6 19. Rb1 c6 20. cxd5 cxd5
21. Bb2 Qc6 22. Qg4+ Rd7 23. Rbc1 h5 24. Qf3 Nd2 25. Qc3 d4+ 26. Qxc6+ bxc6 27.
Rcd1 Rb7 28. Bxd4 Nc4 29. Re6 Na3 30. Rxc6+ Kd7 31. Rc3 Nb5 32. Bxg7+ Ke7 33.
Re3+ Kf7 34. Bxh8 Kg6 35. Rb3 Kh7 36. Be5 a6 37. a4 Kg6 38. axb5 axb5 39. Rf1
1-0

[Event "European Youth Chess Championship G10"]
[Site "Prague, Top Hotel Prague"]
[Date "2016.08.22"]
[Round "5.25"]
[White "Karavitaki, Antonia"]
[Black "Volovich, Julia"]
[Result "0-1"]
[WhiteElo "1115"]
[BlackElo "1435"]
[PlyCount "64"]
[EventDate "2016.08.18"]

1. e4 e6 2. d4 d5 3. Nc3 dxe4 4. Nxe4 Nd7 5. Nf3 Ngf6 6. Nxf6+ Nxf6 7. c3 c5 8.
Be3 cxd4 9. Bxd4 Be7 10. Bd3 O-O 11. Qc2 h6 12. O-O-O Bd7 13. g4 Qc7 14. g5
hxg5 15. Nxg5 b5 16. Bxb5 e5 17. Bxd7 exd4 18. Rxd4 Bc5 19. Rc4 Be3+ 20. fxe3
Qxc4 21. h4 Rad8 22. b3 Qa6 23. Bg4 Qd3 24. Qxd3 Rxd3 25. Bf5 Rxc3+ 26. Kd2 Rc6
27. h5 Rc5 28. Rf1 Rd8+ 29. Ke2 Nxh5 30. Ke1 Rc1+ 31. Kf2 Rxf1+ 32. Kxf1 Ng3+
0-1

[Event "European Youth Chess Championship G10"]
[Site "Prague, Top Hotel Prague"]
[Date "2016.08.22"]
[Round "5.26"]
[White "Simalcikova, Sara"]
[Black "Denic, Hana"]
[Result "0-1"]
[WhiteElo "1071"]
[BlackElo "1412"]
[PlyCount "100"]
[EventDate "2016.08.18"]

1. e4 e5 2. Nf3 Nc6 3. Bc4 Bc5 4. Nc3 Nf6 5. h3 d6 6. d3 Be6 7. Bb3 Qd7 8. Bg5
h6 9. Bh4 g5 10. Bg3 O-O-O 11. a3 Nh7 12. Bxe6 Qxe6 13. b4 Bb6 14. O-O g4 15.
hxg4 Qxg4 16. Nh4 Qxg3 17. Nf5 Qg5 18. Qe2 Rhg8 19. Ne3 Nd4 20. Qd1 f5 21. Rc1
f4 22. Qg4+ Qxg4 23. Nxg4 Rxg4 24. Kh2 Rdg8 25. Nd5 Rxg2+ 26. Kh1 Kd8 27. Rg1
Rxg1+ 28. Rxg1 Rxg1+ 29. Kxg1 Nxc2 30. Kg2 Nxa3 31. Kh3 Bxf2 32. Kg4 Nb1 33.
Kf5 c6 34. Nf6 Nxf6 35. Kxf6 Bh4+ 36. Kg6 f3 37. Kxh6 f2 38. Kh5 f1=Q 39. Kxh4
Qe1+ 40. Kh3 Qf1+ 41. Kh2 Qxd3 42. Kg2 Qxe4+ 43. Kf2 Qxb4 44. Ke2 e4 45. Ke3 d5
46. Ke2 Qc4+ 47. Ke3 Qd3+ 48. Kf2 e3+ 49. Ke1 Qd2+ 50. Kf1 Qf2# 0-1

[Event "European Youth Chess Championship G10"]
[Site "Prague, Top Hotel Prague"]
[Date "2016.08.22"]
[Round "5.27"]
[White "Hernandez, Tellez Claudia"]
[Black "Portero, Bravo Aitana"]
[Result "1/2-1/2"]
[WhiteElo "1399"]
[BlackElo "1228"]
[PlyCount "45"]
[EventDate "2016.08.18"]

1. e4 c5 2. c3 Nf6 3. e5 Nd5 4. d4 cxd4 5. Nf3 Nc6 6. cxd4 g6 7. Qb3 e6 8. Nc3
Nxc3 9. bxc3 d5 10. Bd3 h6 11. O-O Qc7 12. a4 Bd7 13. Ba3 Bxa3 14. Qxa3 O-O-O
15. Rab1 g5 16. Kh1 Rdg8 17. Ng1 Rg7 18. Qa2 Kb8 19. Qb2 h5 20. Qd2 h4 21. Qe3
g4 22. Ne2 g3 23. fxg3 1/2-1/2

[Event "European Youth Chess Championship G10"]
[Site "Prague, Top Hotel Prague"]
[Date "2016.08.22"]
[Round "5.28"]
[White "Chachiachvili, Salome"]
[Black "Sergejeva, Sofija"]
[Result "1/2-1/2"]
[WhiteElo "1391"]
[BlackElo "1191"]
[PlyCount "110"]
[EventDate "2016.08.18"]

1. e4 e5 2. Nf3 Nc6 3. Nc3 Nf6 4. d4 exd4 5. Nxd4 Bc5 6. Nxc6 bxc6 7. Bd3 O-O
8. O-O Bb6 9. Bg5 Qe7 10. Qf3 Bd4 11. Qg3 Qd6 12. Bf4 Qe6 13. Qf3 d6 14. Rfe1
Qg4 15. Be2 Re8 16. Bd1 Bd7 17. Na4 Bf5 18. c3 Bb6 19. Qxg4 Bxg4 20. Nxb6 axb6
21. f3 Be6 22. a3 Ra7 23. Bg5 Nd7 24. f4 Nc5 25. Bc2 Bb3 26. Bxb3 Nxb3 27. Rad1
Nc5 28. e5 dxe5 29. fxe5 Raa8 30. Bf4 Rac8 31. b4 Ne6 32. Bc1 f6 33. Rd3 fxe5
34. Rxe5 Nf8 35. Rxe8 Rxe8 36. Bf4 Rc8 37. Rg3 Ng6 38. Bg5 h6 39. Bxh6 Kh7 40.
Bg5 Ne5 41. Be3 Nc4 42. Bd4 Rg8 43. a4 Nb2 44. Re3 Nxa4 45. Re7 c5 46. bxc5
bxc5 47. Be5 Nb2 48. Rxc7 c4 49. Rb7 Nd3 50. Bd4 Kh6 51. Re7 g6 52. Re4 Nb2 53.
Be3+ Kh7 54. Bd4 Kh6 55. Bf6 g5 1/2-1/2

[Event "European Youth Chess Championship G10"]
[Site "Prague, Top Hotel Prague"]
[Date "2016.08.22"]
[Round "5.29"]
[White "Aydin, Gulenay"]
[Black "Dallemura, Anna"]
[Result "1/2-1/2"]
[WhiteElo "1373"]
[BlackElo "1064"]
[PlyCount "116"]
[EventDate "2016.08.18"]

1. e4 e5 2. Nf3 Nc6 3. Bb5 a6 4. Ba4 Nf6 5. O-O Be7 6. Re1 b5 7. Bb3 d6 8. h3
O-O 9. c3 Na5 10. Bc2 c5 11. d4 Qc7 12. Nbd2 Re8 13. Nf1 Bf8 14. Bg5 Qe7 15. d5
g6 16. N3h2 Bg7 17. Nd2 Qd7 18. Be3 Bb7 19. f3 Rac8 20. Kf2 Qd8 21. Rh1 Nd7 22.
g3 Rf8 23. h4 f5 24. Ke1 f4 25. Bf2 Nb6 26. b3 Ba8 27. g4 h6 28. Qc1 Nb7 29.
Bd1 a5 30. Be2 b4 31. c4 Qc7 32. Bf1 Rce8 33. Bh3 Kh8 34. Ke2 Kh7 35. Qf1 Nd8
36. Qg2 Bb7 37. Rag1 Bc8 38. Kd3 Qf7 39. Kc2 Qc7 40. Kd3 Qf7 41. Ke2 Qc7 42. h5
g5 43. Ra1 Qf7 44. Rhb1 Qc7 45. Rb2 Qf7 46. Qf1 Qc7 47. Qb1 Qf7 48. Kd3 Qc7 49.
Kc2 Qf7 50. a3 Re7 51. axb4 axb4 52. Rba2 Rfe8 53. Ra5 Rb7 54. R1a2 Ree7 55.
Qa1 Bh8 56. Ra6 Rb8 57. Ra7 Rbb7 58. R7a6 Rb8 1/2-1/2

[Event "European Youth Chess Championship G10"]
[Site "Prague, Top Hotel Prague"]
[Date "2016.08.22"]
[Round "5.35"]
[White "Vankova, Marie"]
[Black "Deleu, Karen"]
[Result "0-1"]
[WhiteElo "1162"]
[BlackElo "1293"]
[PlyCount "64"]
[EventDate "2016.08.18"]

1. e4 e5 2. Nf3 Nc6 3. Bc4 Bc5 4. O-O Nge7 5. c3 d6 6. d4 exd4 7. cxd4 Bb6 8.
Nc3 Bg4 9. Qd3 O-O 10. d5 Bxf3 11. dxc6 Bh5 12. cxb7 Rb8 13. Bg5 Qd7 14. Qg3
Bg6 15. Kh1 Rxb7 16. Rad1 Ba5 17. Nd5 Nxd5 18. Bxd5 c6 19. Bb3 Bxe4 20. Rxd6
Qc8 21. Rd4 Bg6 22. Rh4 c5 23. Rc1 Qe8 24. f4 Qe2 25. Qf3 Qxf3 26. gxf3 h6 27.
Rxc5 hxg5 28. Rxg5 Bd8 29. Rhg4 Bxg5 30. Rxg5 Bd3 31. f5 Rb5 32. h4 Rxf5 0-1

[Event "European Youth Chess Championship G10"]
[Site "Prague, Top Hotel Prague"]
[Date "2016.08.22"]
[Round "5.36"]
[White "Berezovsky, Fiorina"]
[Black "Gagua, Nani"]
[Result "0-1"]
[WhiteElo "1105"]
[BlackElo "1382"]
[PlyCount "90"]
[EventDate "2016.08.18"]

1. Nf3 d5 2. g3 Nc6 3. d4 Bg4 4. Bg2 f6 5. Bf4 Qd7 6. Nc3 e6 7. O-O g5 8. Bc1
Bd6 9. Re1 O-O-O 10. e4 Nge7 11. exd5 exd5 12. b3 Bb4 13. Bb2 h5 14. Qd3 h4 15.
gxh4 gxh4 16. Rad1 Rdg8 17. Kh1 h3 18. Bf1 Rg7 19. a3 Bxc3 20. Bxc3 Rhg8 21.
Be2 Bf5 22. Qd2 Be4 23. Rg1 Rxg1+ 24. Rxg1 Rxg1+ 25. Kxg1 Qg4+ 26. Kf1 Bxf3 27.
Bxf3 Qxf3 28. Qe3 Qg2+ 29. Ke1 Qxh2 30. Qh6 Qg1+ 31. Ke2 Qg4+ 32. Kf1 Qg2+ 33.
Ke2 h2 34. a4 h1=Q 35. Qxh1 Qxh1 36. b4 Qe4+ 37. Kf1 Nxd4 38. Bxd4 Qxd4 39. Kg2
Qf4 40. f3 Nf5 41. Kf2 Nd4 42. Kg2 Qxf3+ 43. Kh2 Ne2 44. b5 Qg3+ 45. Kh1 Qg1#
0-1

[Event "European Youth Chess Championship G10"]
[Site "Prague, Top Hotel Prague"]
[Date "2016.08.22"]
[Round "5.37"]
[White "Pshevskaya, Yana"]
[Black "Ratnesan, Radha"]
[Result "1-0"]
[WhiteElo "1362"]
[BlackElo "1074"]
[PlyCount "123"]
[EventDate "2016.08.18"]

1. d4 Nf6 2. Bf4 e6 3. e3 b6 4. Nf3 Bb7 5. Nbd2 c5 6. c3 Nc6 7. Bd3 d6 8. O-O
Be7 9. Qc2 O-O 10. Bg5 h6 11. Bf4 Qd7 12. h3 Rac8 13. Qd1 a6 14. Bh2 b5 15. Bc2
Rfd8 16. Nb1 c4 17. a4 Ne8 18. Na3 Na5 19. axb5 axb5 20. Bb1 Nb3 21. Qc2 f5 22.
Ra2 Be4 23. Qd1 Bxf3 24. gxf3 d5 25. Bc2 Na5 26. Kh1 Bd6 27. f4 b4 28. cxb4
Bxb4 29. Ba4 Qf7 30. Bxe8 Rxe8 31. Nc2 Qe7 32. Ra4 Rb8 33. Nxb4 Rxb4 34. Rxa5
Rxb2 35. Ra1 Qh4 36. Qf3 Rc8 37. Qg3 Qxg3 38. Bxg3 c3 39. Kg1 c2 40. Rac1 Kf7
41. Bh4 Rcb8 42. Kg2 Ke8 43. Rg1 g6 44. Bf6 Kf7 45. Be5 R8b6 46. Bc7 R6b5 47.
Be5 Ke8 48. f3 Kd7 49. Kf2 R5b4 50. Rge1 h5 51. Ke2 Rc4 52. Kd2 Kc6 53. Rg1 Kb5
54. Rxg6 Ka4 55. Rxe6 Kb3 56. Rb6+ Ka2 57. Rg6 Kb3 58. Rgg1 Ka2 59. Ra1+ Kb3
60. Rgc1 Kb4 61. Bd6+ Kb3 62. Ra3# 1-0

[Event "European Youth Chess Championship G10"]
[Site "Prague, Top Hotel Prague"]
[Date "2016.08.22"]
[Round "5.38"]
[White "Rozmanec, Pia"]
[Black "Schneider, Anna"]
[Result "0-1"]
[WhiteElo "1094"]
[BlackElo "1332"]
[PlyCount "112"]
[EventDate "2016.08.18"]

1. e4 e5 2. Nf3 Nc6 3. Bb5 a6 4. Bxc6 dxc6 5. O-O Qd6 6. d4 exd4 7. Nxd4 Bd7 8.
e5 Qd5 9. Nc3 Qc4 10. f4 O-O-O 11. f5 Bc5 12. Be3 Bxd4 13. Qxd4 Qxd4 14. Bxd4
Bxf5 15. Rxf5 Rxd4 16. Rxf7 g6 17. e6 Rd8 18. Re1 Re8 19. Ne4 Nh6 20. Rf3 Rxe6
21. b4 Rhe8 22. Rfe3 Nf5 23. Nd6+ Kd7 24. Rxe6 Rxe6 25. Rxe6 Kxe6 26. Nxb7 Nd4
27. c4 Kd7 28. Nc5+ Kc8 29. Nxa6 Kb7 30. Nc5+ Kb6 31. Kf2 Nc2 32. Nd3 Na3 33.
Ne5 Nc2 34. Kg3 Nxb4 35. a4 Na6 36. Kh4 Nc5 37. a5+ Kxa5 38. Nxc6+ Kb6 39. Ne5
Ne6 40. Nf7 Kc5 41. Ne5 Kd4 42. Nf3+ Kxc4 43. Nd2+ Kd3 44. Nf3 c5 45. Ne1+ Ke2
46. Nc2 c4 47. Na3 c3 48. g4 Kd1 49. h3 c2 50. Nxc2 Kxc2 51. Kg3 Kd3 52. Kf3
Ng5+ 53. Kg3 Ke3 54. h4 Ne4+ 55. Kh3 Kf4 56. g5 Kf5 0-1

[Event "European Youth Chess Championship G10"]
[Site "Prague, Top Hotel Prague"]
[Date "2016.08.22"]
[Round "5.41"]
[White "Zrmanovska, Mihaela"]
[Black "Lappi, Aurora"]
[Result "1-0"]
[WhiteElo "1091"]
[BlackElo "1372"]
[PlyCount "81"]
[EventDate "2016.08.18"]

1. e4 c5 2. c3 Nf6 3. e5 Nd5 4. d4 g6 5. Nf3 Bg7 6. Bd2 O-O 7. Bc4 e6 8. Qe2 a6
9. dxc5 b5 10. Bd3 a5 11. Bxb5 Nc7 12. Bc4 d5 13. cxd6 Nca6 14. O-O f6 15. exf6
Rxf6 16. Bg5 Qxd6 17. Bxf6 Bxf6 18. Nbd2 Nc5 19. Ne4 Nxe4 20. Qxe4 Bb7 21. Qxb7
Ra7 22. Qxa7 Nc6 23. Qa6 Qc7 24. Bxe6+ Kg7 25. Rad1 Nb8 26. Qb5 Kh6 27. Rfe1
Nc6 28. Qc5 Qb7 29. Bd5 Qxb2 30. Qxc6 Bxc3 31. Re3 Qc2 32. Bb3 Qb2 33. Qxc3 Qa3
34. Re6 Kh5 35. Re5+ Kh6 36. Qxa5 Qb2 37. h3 Qxe5 38. Nxe5 g5 39. Rd6+ Kg7 40.
Qa7+ Kh8 41. Rd8# 1-0

[Event "European Youth Chess Championship G10"]
[Site "Prague, Top Hotel Prague"]
[Date "2016.08.22"]
[Round "5.42"]
[White "Kowalczyk, Barbara"]
[Black "Andrasunaite, Rusne"]
[Result "1-0"]
[WhiteElo "1100"]
[BlackElo "1312"]
[PlyCount "133"]
[EventDate "2016.08.18"]

1. e4 e5 2. Nf3 Nc6 3. Bc4 Be7 4. c3 d6 5. d3 Nf6 6. O-O Bg4 7. h3 Bh5 8. Nbd2
O-O 9. Bb3 d5 10. Qe2 dxe4 11. dxe4 Bd6 12. Rd1 Re8 13. g4 Bg6 14. Bc2 Qe7 15.
Nc4 Bc5 16. Bg5 h6 17. Bh4 Qe6 18. Bb3 Qe7 19. Ncd2 Rad8 20. Ba4 Rd6 21. Nc4
Rd7 22. Bxc6 bxc6 23. Rxd7 Qxd7 24. Ncxe5 Qe6 25. Nxg6 fxg6 26. Bxf6 gxf6 27.
Nd2 Kh8 28. Qf3 Rf8 29. Nb3 Bb6 30. Nd4 Qe8 31. Rd1 a5 32. Qf4 Kh7 33. Re1 Qa8
34. e5 fxe5 35. Qxe5 Rg8 36. Qe7+ Rg7 37. Qe8 Qa6 38. Qxc6 h5 39. Qb5 Qb7 40.
Ne6 Rg8 41. Qd7+ Kh8 42. Ng5 Bxf2+ 43. Kxf2 Qb6+ 44. Qd4+ Qxd4+ 45. cxd4 Rf8+
46. Kg3 Kg8 47. Re7 c6 48. Re6 Rd8 49. Rxg6+ Kf8 50. Ne6+ Kf7 51. Nxd8+ Kxg6
52. gxh5+ Kxh5 53. Nxc6 a4 54. d5 Kg6 55. d6 Kf7 56. d7 Ke6 57. Ne5 Ke7 58. h4
Ke6 59. d8=Q Kxe5 60. Qf8 Ke6 61. h5 Kd7 62. Qf6 Kc7 63. h6 Kd7 64. h7 Kc7 65.
h8=Q Kd7 66. Qhg7+ Ke8 67. Qff8# 1-0

[Event "European Youth Chess Championship G10"]
[Site "Prague, Top Hotel Prague"]
[Date "2016.08.22"]
[Round "5.43"]
[White "Spada, Vittoria"]
[Black "Deleu, Leen"]
[Result "1-0"]
[WhiteElo "1241"]
[BlackElo "1130"]
[PlyCount "75"]
[EventDate "2016.08.18"]

1. d4 Nf6 2. Nf3 e6 3. c4 c5 4. d5 d6 5. Nc3 Bd7 6. e4 e5 7. Bd3 Be7 8. O-O O-O
9. Re1 Bg4 10. h3 Bh5 11. Be3 Na6 12. a3 Qb6 13. Rb1 Qc7 14. b4 cxb4 15. axb4
Bxf3 16. Qxf3 b5 17. Qe2 bxc4 18. Bxc4 h6 19. Rec1 Nb8 20. Ra1 a5 21. b5 Nbd7
22. Qd3 Rfc8 23. Na4 Rab8 24. Rab1 Qd8 25. b6 Nc5 26. Nxc5 dxc5 27. Ba6 c4 28.
Qc2 Ba3 29. Rd1 Bb4 30. Bxc8 Qxc8 31. d6 c3 32. Rd3 Nxe4 33. d7 Qd8 34. Rbd1
Nc5 35. Bxc5 Bxc5 36. Rd5 Bxb6 37. Rxe5 Qc7 38. Re8+ 1-0

[Event "European Youth Chess Championship G10"]
[Site "Prague, Top Hotel Prague"]
[Date "2016.08.22"]
[Round "5.44"]
[White "Vavrinkova, Marie"]
[Black "Kaliontzaki, Argyro Evanthia"]
[Result "0-1"]
[WhiteElo "1214"]
[BlackElo "1037"]
[PlyCount "26"]
[EventDate "2016.08.18"]

1. e4 c5 2. Nf3 g6 3. d4 cxd4 4. Nxd4 Bg7 5. c3 Nc6 6. Bb5 Nf6 7. Qf3 O-O 8.
O-O Qb6 9. Be3 Nxd4 10. Bxd4 Qxb5 11. Qe3 Qxb2 12. c4 Qc2 13. Bxa7 Ng4 0-1

[Event "European Youth Chess Championship G10"]
[Site "Prague, Top Hotel Prague"]
[Date "2016.08.22"]
[Round "5.45"]
[White "Mustafina, Yuliana"]
[Black "Suarez, Gomez Paula"]
[Result "1-0"]
[WhiteElo "1202"]
[BlackElo "1011"]
[PlyCount "175"]
[EventDate "2016.08.18"]

1. e4 e5 2. Nf3 Nc6 3. Bc4 Be7 4. d4 d6 5. dxe5 dxe5 6. Qxd8+ Bxd8 7. a3 Nf6 8.
Nc3 O-O 9. O-O Bg4 10. Nd2 Be7 11. f3 Be6 12. Bxe6 fxe6 13. Nb3 a6 14. Be3 b6
15. Rad1 Rad8 16. Rxd8 Rxd8 17. Rd1 Kf7 18. Rxd8 Bxd8 19. Ne2 h6 20. Kf2 Na7
21. Nec1 c6 22. Nd3 Bc7 23. Nd2 a5 24. Nc4 Nd7 25. Nxa5 bxa5 26. Bxa7 Kf6 27.
Nc5 Nb6 28. Na6 Bd8 29. Nb8 c5 30. Nc6 Nc8 31. Nxd8 Nxa7 32. Nb7 Nb5 33. c3 c4
34. Nxa5 Nd6 35. Ke3 g6 36. g3 g5 37. Nc6 Nf7 38. Na5 Nd6 39. Nc6 Nf7 40. Nb4
Nd6 41. Nc2 Nb5 42. Ne1 Nd6 43. Ng2 Nb7 44. f4 h5 45. a4 Na5 46. h4 g4 47.
fxe5+ Kxe5 48. Nf4 Nb7 49. Nxh5 Nc5 50. a5 Na6 51. Nf4 Nc5 52. h5 Kf6 53. h6
Kf7 54. Kd4 Nb3+ 55. Kxc4 Nxa5+ 56. Kb5 Nb7 57. h7 Kg7 58. Nxe6+ Kxh7 59. Nc5
Nd8 60. b4 Kg6 61. Ka6 Kf6 62. b5 Ke7 63. b6 Kd6 64. b7 Nc6 65. Kb6 Nb8 66. Na6
Nd7+ 67. Ka7 Ke7 68. b8=Q Nxb8 69. Kxb8 Ke6 70. Nc5+ Kd6 71. Nd3 Ke6 72. c4 Kd6
73. c5+ Kc6 74. e5 Kd7 75. Kb7 Ke6 76. c6 Kf5 77. c7 Ke4 78. c8=Q Kf3 79. Qf5+
Kxg3 80. Nf2 Kg2 81. Qxg4+ Kxf2 82. Qe4 Kf1 83. e6 Kf2 84. e7 Kf1 85. e8=R Kf2
86. Qf4+ Kg2 87. Rg8+ Kh3 88. Qh6# 1-0

[Event "European Youth Chess Championship G10"]
[Site "Prague, Top Hotel Prague"]
[Date "2016.08.24"]
[Round "6.1"]
[White "Fedoricheva, Ekaterina"]
[Black "Zvereva, Margarita"]
[Result "0-1"]
[WhiteElo "1463"]
[BlackElo "1930"]
[PlyCount "78"]
[EventDate "2016.08.18"]

1. e4 c5 2. f4 d6 3. Bb5+ Bd7 4. Bxd7+ Qxd7 5. Nf3 Nc6 6. d3 e6 7. c4 Be7 8.
Nc3 Bf6 9. Qe2 Nd4 10. Nxd4 cxd4 11. Nd1 e5 12. Nf2 h5 13. f5 Rc8 14. h4 b5 15.
b3 bxc4 16. bxc4 Rb8 17. Bg5 Qd8 18. Qd2 Rb7 19. O-O Qb8 20. Qa5 Ne7 21. Nh3
Nc6 22. Qa4 Kd7 23. Rfc1 Rb4 24. Qd1 Qb6 25. Bd2 Rb2 26. Ng5 Bxg5 27. hxg5 h4
28. g6 f6 29. Be1 h3 30. gxh3 Rxh3 31. Rc2 Rxc2 32. Qxc2 Qd8 33. Rd1 Qh8 34.
Qg2 Qh5 35. Rb1 Kc7 36. Rb3 Qh6 37. Bd2 Qh4 38. Bg5 Qe1+ 39. Qf1 Rg3+ 0-1